000 00746nam a2200181Ia 4500
008 151202s9999||||xx |||||||||||||| ||und||
082 _bPNVM-47696
100 _aसरदार गं.बा.
245 _aसंंतवाङमयाची सामाजिक फलश्रुति.
260 _b"महाराष्ट्र साहित्य परिषद,पुणे."
260 _c1962
300 _a132
600 _aसरदार गं.बा.
630 _aसंंतवाङमयाची सामाजिक फलश्रुति.
700 _aसरदार गं.बा.
730 _aसंंतवाङमयाची सामाजिक फलश्रुति.
942 _cBOOK
999 _c1313646
_d1313643